header

Saratoga (Record no. 132359)

MARC details
000 -LEADER
fixed length control field 01188nam a2200301 a 4500
100 1# - MAIN ENTRY--AUTHOR NAME
Personal name Luzader, John F.
245 10 - TITLE STATEMENT
Title Saratoga
260 ## - PUBLICATION, DISTRIBUTION, ETC. (IMPRINT)
Place of publication New York :
Name of publisher Savas Beatie,
Year of publication 2010.
300 ## - PHYSICAL DESCRIPTION
Number of Pages xxviii, 483 p. :
Other physical details ill., maps.
650 #0 - SUBJECT ADDED ENTRY--TOPICAL TERM
Topical Term Saratoga Campaign, N.Y., 1777.
856 40 - ELECTRONIC LOCATION AND ACCESS
Uniform Resource Identifier http://site.ebrary.com/lib/rucke/Doc?id=10498853

No items available.

© 2026 Rongo University
Contact us: librarian | system librarian | Rongo university